NBA Players by Picture - Italy - Statistics

General Stats
  • This quiz has been taken 39 times
  • The average score is 4 of 11
Answer Stats
Picture Answer % Correct
Danilo Gallinari
95%
Marco Belinelli
68%
Simone Fontecchio
68%
Andrea Bargnani
55%
Nico Mannion
47%
Nicolò Melli
37%
Luigi Datome
34%
Mike D'Antoni
5%
Vincenzo Esposito
5%
Stefano Rusconi
3%
Travis Diener
3%
No matching quizzes found
Score Distribution
Percent of People with Each Score
Percentile by Number Answered
Your Score History
You have not taken this quiz